000 00738nam a22002297a 4500
003 UA-OsUOA
001 54709
007 ta
008 20080710b un ||||| |||| 00| 0 ukr d
100 _aЧулінда Л.І.
090 _a340,132,6
_bЧ-89
942 _cBK
040 _aUA-OsUOA
_bukr
_cUA-OsUOA
_dUA-OsUOA
245 _aЮридико-лінгвістичне тлумачення текстів нормативно-правових актів
300 _a152 с.
955 _a2
041 _aukr
080 _a340,132,6
260 _aК.
_bАтіка
_c2006
650 7 _a340 Право в цілому. Пропедевтика. Методи та допоміжні правничі науки
_2UDC
999 _c340787
_d340787